El metodo y la medida en sociologia /

Guardado en:
Autor Principal: Cicourel, Aaron V.
Formato: Libro
Publicado: Madrid : Editora Nacional, 1982
Materias:
Etiquetas: Agregar Etiqueta
Sin Etiquetas, Sea el primero en etiquetar este registro!
LEADER 00475nam a22001575a 4500
001 EHU.bham001045
003 AR-BHAM
005 20070312165518.0
008 130507s1982##################000#0#####d
082 3 0 |a 301.1 
100 1 |a Cicourel, Aaron V. 
245 1 0 |a El metodo y la medida en sociologia /  |c Aaron V. Cicourel. 
260 |a Madrid :  |b Editora Nacional,  |c 1982 
300 |a 305 p. 
653 |a Sociologia-conceptos 
859 |a AR-BHAM  |b BIB. HUMANIDADES - General  |h 301.1  |i C485  |p 387.87  |t Ej.1